| 000 | 00354nam a22001577a 4500 | ||
|---|---|---|---|
| 003 | SGT | ||
| 020 | _a978-93-85999-32-1 | ||
| 082 |
_a611 _bI16V |
||
| 100 | _aVASUDEVA, NEELAM | ||
| 245 | _aINDERBIR SINGH'S TB. OF HUMAN HISTOLOGY | ||
| 250 | _a8TH | ||
| 260 |
_aINDIA _bJAYPEE _c2016 |
||
| 300 | _a302 | ||
| 650 | _aANATOMY | ||
| 942 |
_2ddc _cBK _032 |
||
| 999 |
_c15540 _d15540 |
||